| 000 | 00889nam a2200229Ia 4500 | ||
|---|---|---|---|
| 003 | OSt | ||
| 005 | 20250714150604.0 | ||
| 008 | 210210b2006 xxu||||| |||| 00| 0 eng d | ||
| 040 | _cAL | ||
| 041 | _aKannada | ||
| 082 | _aK894.8 KANS | ||
| 100 |
_aKANNADA VISHVAVIDYALAYA _9151335 _dಕನ್ನಡ ವಿಶ್ವವಿದ್ಯಾಲಯ. |
||
| 245 |
_aSamagra Kannada Jainasahitya samputa 2: Shivakotyacharya Chavundaraya samputa _bಸಮಗ್ರ ಕನ್ನಡ ಜೈನಸಾಹಿತ್ಯ ಸಂಪುಟ ೨: ಶಿವಕೋಟ್ಯಾಚಾರ್ಯ ಚಾವುಂಡರಾಯ ಸಂಪುಟ |
||
| 260 |
_aHampi _bPrasaranga Karnataka Vishvavidyalaya _c2006 |
||
| 300 | _axliii,541 | ||
| 440 |
_a2 _9151336 |
||
| 650 |
_aVaddaradhane _9151337 |
||
| 650 |
_aChavundaraya puranam _9151338 |
||
| 690 |
_aKannada Collections _9151339 |
||
| 906 | _a062633 | ||
| 942 |
_2ddc _cBK |
||
| 999 |
_c117886 _d117886 |
||